Concursantes de OT (segunda generación) - Estadísticas

Estadísticas generales
  • Esta prueba ha sido intentada 109 veces
  • La puntuación promedio es 50 de 64
Estadísticas de respuestas
Hint Respuesta % Correcto
OT17 Aitana
98%
OT17 Amaia
98%
OT23 Naiara
94%
OT17 Alfred
93%
OT23 Juanjo
91%
OT17 Miriam
91%
OT17 Ana Guerra
90%
OT20 Eva B
90%
OT23 Martin
90%
OT17 Mimi
90%
OT23 Paul Thin
90%
OT23 Ruslana
89%
OT17 Cepeda
88%
OT23 Chiara
86%
OT23 Lucas
86%
OT17 Roi
86%
OT23 Violeta
86%
OT23 Denna
85%
OT18 Famous
85%
OT23 Salma
85%
OT23 Suzete
85%
OT17 Agoney
84%
OT18 Alba Reche
84%
OT23 Alvaro Mayo
83%
OT23 Bea
83%
OT18 Miki
83%
OT18 Natalia Lacunza
83%
OT20 Nia
83%
OT23 Omar Samba
83%
OT20 Hugo Cobo
81%
OT18 Maria Villar
80%
OT17 Nerea
80%
OT17 Raoul
79%
OT23 Álex Márquez
78%
OT23 Cris
78%
OT20 Flavio
78%
OT17 Marina
78%
OT17 Juan Antonio
76%
OT17 Mireya
76%
OT20 Samantha
76%
OT18 Africa
74%
OT18 Carlos Right
73%
OT20 Eli
73%
OT20 Anaju
71%
OT20 Jesús Rendón
71%
OT18 Julia Medina
71%
OT18 Sabela
71%
OT18 Damion
70%
OT20 Maialen
70%
OT18 Marta Sango
70%
OT17 Ricky
70%
OT20 Ariadna
69%
OT20 Javy Ramirez
69%
OT17 Thalia
69%
OT18 Dave
68%
OT20 Nick
68%
OT18 Noelia
68%
OT20 Rafa Romera
68%
OT20 Gerard
66%
OT18 Marilia Monzón
66%
OT18 Alfonso La Cruz
65%
OT20 Bruno
65%
OT18 Joan Garrido
63%
OT20 Anne Lukin
55%
No se encontraron pruebas coincidentes
Distribución de puntuación
Porcentaje de gente con cada puntuación
Porcentaje por número respondido
Historial de tus puntuaciones
No has intentado esta prueba.